| 000 | 00933cam a2200241 i 4500 | ||
|---|---|---|---|
| 003 | SA-RiAUC | ||
| 005 | 20241224144514.0 | ||
| 008 | 241223s1994 ua g 000 0 ara c | ||
| 040 |
_aSA-RiAUC _bara _cSA-RiAUC _erda |
||
| 082 | 0 | 4 | _a219.1082 |
| 090 |
_a219.1082 _b ا ل ب |
||
| 100 | 1 |
_aالألباني، محمد ناصر الدين، _d1914-1999 _eمؤلف. |
|
| 245 | 1 | 0 |
_aجلباب المرأة المسلمة في الكتاب والسنة / _cتأليف ناصر الدين الألباني. |
| 250 | _aالطبعة الثالثة. | ||
| 264 | 1 |
_aالقاهرة : _bمكتبة السداوي، _c1994 |
|
| 300 |
_a260 صفحة ؛ _c24 سم |
||
| 336 |
_aنص _btxt _2rdacontent _3كتاب |
||
| 337 |
_aبدون وسيط _bn _2rdamedia |
||
| 338 |
_aمجلد _bnc _2rdacarrier |
||
| 650 | 7 |
_aالإسلام والإصلاح الاجتماعي _2aucsh |
|
| 942 |
_2ddc _cBOOK _n0 |
||
| 949 |
_aSA-JeALM _d241223 _uosman123 _n1 |
||
| 999 |
_c3921 _d3921 |
||